100 Najpopularniejszych imion żeńskich. - Statystyki

Ogólne statystyki
  • Ten quiz został rozwiązany 6 787 razy
  • Średni wynik to 57 z 100
Statystyki odpowiedzi
Odpowiedź % Poprawnych
1 Anna
96%
13 Aleksandra
88%
20 Julia
88%
3 Katarzyna
87%
35 Wiktoria
86%
2 Maria
84%
17 Natalia
84%
6 Barbara
82%
47 Weronika
82%
34 Zuzanna
82%
18 Karolina
79%
12 Zofia
79%
50 Oliwia
78%
7 Ewa
77%
10 Magdalena
77%
42 Patrycja
77%
31 Paulina
77%
5 Agnieszka
76%
41 Hanna
76%
4 Małgorzata
76%
11 Joanna
74%
14 Monika
74%
27 Alicja
72%
60 Lena
72%
44 Maja
72%
61 Amelia
70%
19 Marta
69%
29 Grażyna
68%
56 Dominika
66%
9 Elżbieta
66%
51 Martyna
66%
46 Emilia
65%
36 Urszula
65%
25 Halina
64%
40 Agata
63%
71 Daria
63%
48 Ewelina
63%
62 Kamila
62%
70 Nikola
62%
22 Dorota
61%
52 Klaudia
61%
21 Beata
60%
16 Danuta
60%
43 Izabela
60%
32 Justyna
60%
57 Kinga
60%
37 Renata
60%
39 Sylwia
60%
30 Iwona
59%
8 Krystyna
59%
55 Gabriela
58%
98 Iga
58%
15 Teresa
57%
38 Helena
56%
33 Bożena
54%
95 Kornelia
53%
83 Laura
53%
92 Łucja
53%
72 Milena
53%
24 Jadwiga
51%
94 Nadia
51%
45 Aneta
50%
78 Antonina
50%
91 Czesława
50%
82 Sandra
50%
28 Irena
49%
97 Jagoda
49%
26 Jolanta
49%
79 Olga
49%
23 Janina
48%
89 Michalina
48%
53 Stanisława
48%
54 Marzena
45%
59 Wiesława
44%
58 Edyta
43%
84 Ilona
43%
99 Nina
42%
69 Wioletta
42%
74 Angelika
38%
66 Lidia
38%
64 Alina
37%
75 Genowefa
37%
49 Marianna
37%
67 Mariola
37%
88 Marlena
37%
76 Bogumiła
36%
86 Bogusława
36%
65 Lucyna
36%
68 Mirosława
36%
93 Anita
35%
100 Liliana
34%
63 Wanda
34%
85 Sabina
33%
96 Aniela
31%
90 Władysława
28%
80 Henryka
25%
81 Stefania
25%
73 Kazimiera
24%
77 Józefa
23%
87 Regina
22%
Nie znaleziono quizów pasujących do podanych kryteriów
Rozkład punktacji
Procent ludzi z każdym wynikiem
Percentyl według liczby udzielonych odpowiedzi
Twoja historia wyników
Nie rozwiązałeś tego quizu